000 00648nam a2200241Ia 4500
003 OSt
005 20220918202346.0
006 a|||||r|||| 00| 0
007 ta
008 220917b |||||||| |||| 00| 0 eng d
024 _a100,628
037 _cTextual
040 _aARTS
_cARTS
_beng
041 _2eng
_aeng
082 _aV2,1y7M84, N1
100 _aNirmal Kumar
_9103355
245 0 _aRajendra Prasad and the Indian freedom struggle 1917-47
260 _aDelhi
_bPatriot Pub
_c1991
300 _axi, 159p.
_ccm.
650 _aHISTORY
942 _hV2,1y7M84, N1
_cTEXL
_2CC
999 _c224156
_d224156